[Event "España ch-2015 sub-16"]
[Site "Salobreña ESP"]
[Date "2015.07.24"]
[Round "8.40"]
[White "Puga Sanchez, Miguel"]
[Black "Llaneza Mendez, Javier"]
[Result "1/2-1/2"]
[WhiteElo "1904"]
[BlackElo "1747"]
[PlyCount "145"]
[EventDate "2015.07.20"]
[EventType "swiss"]
[EventRounds "9"]
[EventCountry "ESP"]
[Source "lmi"]
[SourceDate "2015.07.20"]

1. e4 e5 2. Nf3 Nc6 3. Bb5 a6 4. Ba4 Nf6 5. c3 b5 6. Bb3 Be7 7. O-O O-O 8. d3
d6 9. Re1 Na5 10. Bc2 c5 11. Nbd2 Bg4 12. Nf1 Nc6 13. h3 Bh5 14. Ng3 Bg6 15.
Nh4 Re8 16. Bb3 a5 17. Nxg6 hxg6 18. a4 b4 19. h4 Ra7 20. h5 gxh5 21. Nxh5 g6
22. Nxf6+ Bxf6 23. Qg4 Kg7 24. Re3 Rh8 25. Rg3 Qd7 26. Qe2 Raa8 27. Rf3 Raf8
28. Bd2 Nd8 29. Rg3 Rh7 30. f3 Rfh8 31. Rh3 Rxh3 32. gxh3 Qxh3 33. Qg2 Nc6 34.
Qxh3 Rxh3 35. Kg2 Rh8 36. Bc4 bxc3 37. bxc3 Rb8 38. Bb5 Na7 39. c4 Bd8 40. Rh1
Nxb5 41. axb5 a4 42. Ra1 Ra8 43. Ra3 Kf6 44. Kg3 Ke6 45. Ra2 Kd7 46. Kg4 Kc7
47. Ra3 Kb7 48. Be1 Ba5 49. Bxa5 Rxa5 50. Kg5 Kb6 51. Kf6 Ra7 52. Ra1 a3 53.
Ra2 Ra4 54. Ke7 Ka5 55. Kxd6 Kb4 56. b6 Kb3 57. Rxa3+ Kxa3 58. Kxc5 Rb4 59. Kc6
f5 60. exf5 gxf5 61. b7 e4 62. fxe4 Rxc4+ 63. Kd5 Rb4 64. Kc6 Rc4+ 65. Kd5 Rb4
66. exf5 Rxb7 67. f6 Kb4 68. Ke6 Rb6+ 69. Ke7 Rb7+ 70. Ke6 Rb6+ 71. Kf7 Kc5 72.
Kg7 Kd6 73. Kf7 1/2-1/2